Normal view
MARC view
- Trucks
Entry Topical Term
001 - CONTROL NUMBER
- control field: 21415
003 - CONTROL NUMBER IDENTIFIER
- control field: NUST
005 - DATE AND TIME OF LATEST TRANSACTION
- control field: 20190925160918.0
008 - FIXED-LENGTH DATA ELEMENTS
- fixed length control field: 190925|| aca||aabn | a|a d
040 ## - CATALOGING SOURCE
- Original cataloging agency: NUST
- Transcribing agency: NUST
150 ## - HEADING--TOPICAL TERM
- Topical term or geographic name entry element: Trucks
- General subdivision: Law and legislation
- Geographic subdivision: United States.
670 ## - SOURCE DATA FOUND
- Source citation: Work cat.: (NUST)0: National Research Council (U.S.). Transportation Research Board. 19676, Motor vehicle size and weight regulations, enforcement, and permit operations., [1980]
